000 00935nam a22002897a 4500
001 0011322
003 KOHA_MİRAKIL
005 20260207001813.0
007 ta
008 091208b tu |||gr||||#0|||1|tur |
020 _a9757731315
_c0,01
040 _aTR-BiSEU
_btur
_cTR-BiSEU
_erda
041 0 _atur
044 _ctu
050 _aPE1498
_b.B69 [t.y.]
100 1 _aBoztaş, İsmail.
240 1 0 _aA guidebook for English translation
_lTürkçe
245 1 _aİngilizce çeviri kılavuzu :
_bcevap anahtarı =
_bA guidebook for English translation/
_cİsmail Boztaş ; İsmail Boztaş, Ahmet Kocaman, Ziya Aksoy.
264 1 _aAnkara :
_bHacettepe-Taş
_c[t.y.]
300 _a158 sayfa; 25 cm.
336 _ametin
_btxt
_2rdacontent
337 _aaracısız
_bn
_2rdamedia
338 _acilt
_bnc
_2rdacarrier
650 0 _aİngiliz dili--Çeviri--Sorular, cevaplar, vb.
_927589
907 _aDil
942 _2lcc
_cBK
999 _c11291
_d11291